00611naa a2200181 450000500170000001000130001702000260003003500130005603700280006903700190009708200110011610000230012724500910015026000450024127000620028630000310034850000500037920110623140035.0 aB-430930 a9780195670592c625.00 aB-430930 bOxford University Press bAllied Pub/Ven a615.53 aLangford, Jean M.  aFluent bodies:bayurvedic remedies for postcolonial imbalance / cby Jean M. Langford  aNew DelhibOxford University Pressc2004 aYMCA Library Building, Jai Singh RoadbNew Delhi e110001 ax, 311pc22cm (Hb) bill.  aIncludes bibliographical references and index